[Event "Sigeman & Co 09th"]
[Site "Malmo"]
[Date "2001.06.15"]
[Round "4"]
[White "Sokolov, Ivan"]
[Black "Hansen, Curt"]
[Result "1-0"]
[WhiteElo "2659"]
[BlackElo "2619"]
[PlyCount "81"]
[EventDate "2001.06.12"]
[EventType "tourn"]
[EventRounds "9"]
[EventCountry "SWE"]
[EventCategory "13"]
[Source "ChessBase"]
[SourceDate "2001.09.13"]

1. d4 Nf6 2. c4 e6 3. Nc3 Bb4 4. Qc2 O-O 5. a3 Bxc3+ 6. Qxc3 b6 7. Bg5 Bb7 8.
f3 h6 9. Bh4 d5 10. e3 Nbd7 11. cxd5 Nxd5 12. Bxd8 Nxc3 13. Bh4 Nd5 14. Bf2 c5
15. e4 Nf4 16. Bb5 Rad8 17. Ne2 Nxg2+ 18. Kf1 f5 19. d5 exd5 20. exd5 Bxd5 21.
Kxg2 Ne5 22. Ng1 g5 23. Re1 Ng6 24. h4 g4 25. h5 Nf4+ 26. Kg3 Ne6 27. Rh4 Ng5
28. Be3 Bxf3 29. Nxf3 Nxf3 30. Rhh1 Nxe1 31. Rxe1 f4+ 32. Bxf4 Rd4 33. Rf1 c4
34. Kxg4 Kh7 35. Ba4 a6 36. Bc2+ Kg7 37. Kg3 Re8 38. Kf3 Re6 39. Bf5 Re8 40.
Rg1+ Kf6 41. Bc2 1-0

[Event "SUI-ch int"]
[Site "Chiasso"]
[Date "1991.??.??"]
[Round "?"]
[White "Flear, Glenn C"]
[Black "Summermatter, Daniel"]
[Result "0-1"]
[WhiteElo "2515"]
[BlackElo "2350"]
[PlyCount "74"]
[EventDate "1991.??.??"]
[EventType "tourn"]
[EventRounds "11"]
[EventCountry "SUI"]
[EventCategory "7"]
[Source "ChessBase"]
[SourceDate "1998.11.10"]

1. d4 Nf6 2. c4 e6 3. Nc3 Bb4 4. Qc2 O-O 5. a3 Bxc3+ 6. Qxc3 b6 7. Bg5 Bb7 8.
e3 h6 9. Bh4 d6 10. f3 Nbd7 11. Bd3 c5 12. Ne2 Rc8 13. Qd2 Ba6 14. Rc1 cxd4 15.
exd4 d5 16. cxd5 Bxd3 17. dxe6 Bxe2 18. Rxc8 Qxc8 19. exd7 Qxd7 20. Kxe2 Re8+
21. Kf2 Ne4+ 22. fxe4 Rxe4 23. Re1 Rxh4 24. d5 Qd6 25. Re8+ Kh7 26. Qd3+ g6 27.
Qc3 Rf4+ 28. Ke2 Rf6 29. Qc8 g5 30. Rh8+ Kg6 31. Qc2+ Kh5 32. Qc3 g4 33. Rg8
Rf5 34. Qb4 Qe5+ 35. Kd3 Qxd5+ 36. Kc3 Qxg2 37. Qd4 Qc6+ 0-1

[Event "St Petersburg-ch"]
[Site "St Petersburg"]
[Date "1998.??.??"]
[Round "7"]
[White "Ivanov, Sergey"]
[Black "Solozhenkin, Evgeniy"]
[Result "0-1"]
[WhiteElo "2570"]
[BlackElo "2500"]
[PlyCount "116"]
[EventDate "1998.04.07"]
[EventType "tourn"]
[EventRounds "13"]
[EventCountry "RUS"]
[EventCategory "10"]
[Source "ChessBase"]
[SourceDate "1998.08.06"]

1. d4 Nf6 2. c4 e6 3. Nc3 Bb4 4. Qc2 O-O 5. a3 Bxc3+ 6. Qxc3 b6 7. Bg5 Bb7 8.
e3 d6 9. f3 Nbd7 10. Bd3 h6 11. Bh4 c5 12. Ne2 Rc8 13. Qb3 cxd4 14. exd4 d5 15.
O-O dxc4 16. Bxc4 a6 17. a4 Rc6 18. Rfe1 Qc8 19. Rac1 Nd5 20. Bxd5 Rxc1 21.
Rxc1 Bxd5 22. Rxc8 Bxb3 23. Rc7 Nf6 24. Bxf6 gxf6 25. Nc3 Rd8 26. Rb7 Rxd4 27.
Rxb6 Bxa4 28. Rxa6 Bc2 29. Rb6 f5 30. g3 Kg7 31. Kf2 Rd2+ 32. Ke3 Rxh2 33. b4
h5 34. b5 e5 35. f4 Rg2 36. Kf3 Rd2 37. Rc6 e4+ 38. Ke3 Rd3+ 39. Kf2 Rf3+ 40.
Kg2 Bd3 41. b6 Bf1+ 42. Kh2 Ba6 43. Nb5 Rf2+ 44. Kg1 Rf1+ 45. Kg2 Bxb5 46. b7
Rb1 47. b8=Q Bf1+ 48. Kf2 Rxb8 49. Kxf1 Rb3 50. Kg2 Rf3 51. Kh3 Rf2 52. Rc8 e3
53. Re8 e2 54. Re5 f6 55. Re7+ Kf8 56. Re6 Kf7 57. Re3 h4 58. gxh4 Rf3+ 0-1

[Event "Izmir op"]
[Site "Izmir"]
[Date "2003.08.29"]
[Round "5"]
[White "Gurevich, Mikhail"]
[Black "Gelashvili, Tamaz"]
[Result "1-0"]
[WhiteElo "2644"]
[BlackElo "2520"]
[PlyCount "107"]
[EventDate "2003.08.25"]
[EventType "swiss"]
[EventRounds "9"]
[EventCountry "TUR"]
[Source "ChessBase"]
[SourceDate "2003.11.25"]

1. d4 Nf6 2. c4 e6 3. Nc3 Bb4 4. Qc2 O-O 5. a3 Bxc3+ 6. Qxc3 b6 7. Bg5 Bb7 8.
e3 d6 9. Ne2 Nbd7 10. Qd3 h6 11. Bh4 Qe7 12. Nc3 c5 13. Rd1 Rfd8 14. d5 Ne5 15.
Qc2 Ng6 16. Bg3 exd5 17. cxd5 Nh5 18. Be2 Nxg3 19. hxg3 a6 20. a4 Bc8 21. O-O
f5 22. Qd2 Bd7 23. Rb1 Rdc8 24. b4 cxb4 25. Rxb4 Qf6 26. Rc1 Rc5 27. Rxb6 Rac8
28. Bxa6 R8c7 29. Rb7 Rxb7 30. Bxb7 Ne5 31. Ba6 h5 32. Bb5 h4 33. Bxd7 Nxd7 34.
Ne2 hxg3 35. Nxg3 g6 36. Ne2 Qe5 37. Nf4 g5 38. Ne6 Rxd5 39. Rc8+ Kf7 40. Nxg5+
Kf6 41. Qc1 Rc5 42. Rxc5 Nxc5 43. Nf3 Qe4 44. Qa1+ Kg6 45. a5 Qd3 46. Qd4 Qb1+
47. Kh2 Ne4 48. Nh4+ Kf7 49. Qd5+ Ke8 50. Nxf5 Nxf2 51. Qe6+ Kd8 52. Qe7+ Kc8
53. Nxd6+ Kb8 54. Qe8+ 1-0

[Event "Budapest FS02 GM"]
[Site "Budapest"]
[Date "2005.02.12"]
[Round "8"]
[White "Erdos, Viktor"]
[Black "Szabo, Krisztian"]
[Result "1-0"]
[WhiteElo "2453"]
[BlackElo "2376"]
[PlyCount "67"]
[EventDate "2005.02.05"]
[EventType "tourn"]
[EventRounds "13"]
[EventCountry "HUN"]
[EventCategory "7"]
[Source "ChessBase"]
[SourceDate "2005.01.01"]

1. d4 Nf6 2. c4 e6 3. Nc3 Bb4 4. Qc2 O-O 5. a3 Bxc3+ 6. Qxc3 b6 7. Bg5 Bb7 8.
Nf3 d6 9. Nd2 h6 10. Bh4 Nbd7 11. e3 c5 12. dxc5 bxc5 13. f3 Qb6 14. Bd3 d5 15.
O-O a5 16. Rfe1 Rfe8 17. Rac1 Rac8 18. cxd5 exd5 19. Bf5 Re5 20. e4 g5 21. Bf2
Ba6 22. b4 d4 23. Qa1 cxb4 24. Rxc8+ Bxc8 25. Bxd4 Qd8 26. Nc4 Rxf5 27. exf5 b3
28. a4 Ba6 29. Nd6 Qc7 30. Ne8 Nxe8 31. Rxe8+ Nf8 32. Qa3 Kh7 33. Rxf8 f6 34.
Re8 1-0

[Event "ISR-chT"]
[Site "Israel"]
[Date "1999.01.22"]
[Round "3"]
[White "Alterman, Boris"]
[Black "Gofshtein, Leonid D"]
[Result "1-0"]
[WhiteElo "2615"]
[BlackElo "2520"]
[PlyCount "91"]
[EventDate "1999.01.??"]
[EventType "team"]
[EventRounds "11"]
[EventCountry "ISR"]
[Source "ChessBase"]
[SourceDate "1999.04.01"]

1. d4 Nf6 2. c4 e6 3. Nc3 Bb4 4. Qc2 O-O 5. a3 Bxc3+ 6. Qxc3 Ne4 7. Qc2 f5 8.
Nh3 d6 9. f3 Nf6 10. e3 e5 11. dxe5 dxe5 12. Be2 a5 13. O-O Nc6 14. Rd1 Qe7 15.
b3 h6 16. Nf2 Be6 17. Qc3 Nd7 18. Bb2 f4 19. Bf1 Rae8 20. Re1 Qg5 21. Rad1 Nc5
22. exf4 Qxf4 23. Bc1 Qf7 24. Be3 Na6 25. Rd2 Qe7 26. c5 Rd8 27. Red1 Rxd2 28.
Rxd2 Qf7 29. Bb5 Nab8 30. b4 axb4 31. axb4 Nd7 32. Rd1 Re8 33. Ne4 Nf6 34.
Nxf6+ Qxf6 35. Bf2 Bf7 36. h3 Re7 37. Bf1 Re8 38. b5 Ne7 39. Bc4 Nf5 40. Rd7
Re7 41. Rd8+ Kh7 42. Bd3 Bg6 43. Qc4 Rf7 44. Re8 Ne7 45. Be4 Qf4 46. Bg3 1-0

[Event "EU-ch 2nd"]
[Site "Ohrid"]
[Date "2001.06.09"]
[Round "8"]
[White "Gurevich, Mikhail"]
[Black "Hulak, Krunoslav"]
[Result "1-0"]
[WhiteElo "2688"]
[BlackElo "2564"]
[PlyCount "75"]
[EventDate "2001.06.01"]
[EventType "swiss"]
[EventRounds "13"]
[EventCountry "YUG"]
[Source "ChessBase"]
[SourceDate "2001.09.13"]

1. d4 Nf6 2. c4 e6 3. Nc3 Bb4 4. Qc2 O-O 5. a3 Bxc3+ 6. Qxc3 Ne4 7. Qc2 f5 8.
e3 b6 9. Ne2 Bb7 10. f3 Qh4+ 11. g3 Qe7 12. Bg2 Nf6 13. O-O c5 14. b4 d6 15.
Bb2 Nbd7 16. Rad1 Rac8 17. dxc5 bxc5 18. b5 Nb6 19. Rfe1 d5 20. cxd5 exd5 21.
Nf4 Rce8 22. Qxf5 Nc4 23. Bc1 d4 24. Qc2 Nxe3 25. Bxe3 dxe3 26. Rd3 g5 27.
Rdxe3 Qxe3+ 28. Rxe3 Rxe3 29. Nd3 g4 30. fxg4 Bxg2 31. Kxg2 Ne4 32. Qc4+ Kh8
33. Qd5 Re2+ 34. Kg1 Re8 35. Nf4 Re1+ 36. Kg2 Nf6 37. Qf5 Ng8 38. Qxc5 1-0

[Event "HUN-ch U20"]
[Site "Budapest"]
[Date "2004.04.07"]
[Round "3"]
[White "Erdos, Viktor"]
[Black "Berczes, David"]
[Result "0-1"]
[WhiteElo "2473"]
[BlackElo "2293"]
[PlyCount "86"]
[EventDate "2004.04.05"]
[EventType "swiss"]
[EventRounds "9"]
[EventCountry "HUN"]
[Source "ChessBase"]
[SourceDate "2004.05.04"]

1. d4 Nf6 2. c4 e6 3. Nc3 Bb4 4. Qc2 O-O 5. e4 c5 6. e5 cxd4 7. a3 Qa5 8. axb4
Qxa1 9. exf6 dxc3 10. fxg7 Re8 11. bxc3 a5 12. b5 d5 13. Nf3 e5 14. Ng5 e4 15.
Be2 d4 16. cxd4 Qxd4 17. O-O Bf5 18. Bb2 Qd8 19. f4 Nd7 20. Kh1 Qe7 21. Qc3 Nc5
22. Bh5 Bg6 23. Bxg6 fxg6 24. Nxh7 Na4 25. Nf6+ Kf7 26. Qd4 Rad8 27. Nd5 Nxb2
28. Qxb2 Qe6 29. f5 Qe5 30. Qe2 Kxg7 31. Qg4 Rd6 32. Qg5 Kh7 33. fxg6+ Kg8 34.
Nf6+ Rxf6 35. Qxf6 Qxf6 36. Rxf6 e3 37. Rf1 a4 38. Kg1 a3 39. Re1 a2 40. Kf1
e2+ 41. Kf2 Rf8+ 42. Ke3 Rf1 43. Kxe2 Rxe1+ 0-1

[Event "Geneve op 17th"]
[Site "Geneve"]
[Date "2001.01.25"]
[Round "6"]
[White "Arlandi, Ennio"]
[Black "Sokolov, Andrei"]
[Result "1/2-1/2"]
[WhiteElo "2434"]
[BlackElo "2566"]
[PlyCount "60"]
[EventDate "2001.01.20"]
[EventType "swiss"]
[EventRounds "9"]
[EventCountry "SUI"]
[Source "ChessBase"]
[SourceDate "2001.11.25"]
[WhiteTeamCountry "CRO"]
[BlackTeamCountry "ENG"]

1. d4 Nf6 2. c4 e6 3. Nc3 Bb4 4. Qc2 d5 5. cxd5 exd5 6. Bg5 c5 7. a3 Bxc3+ 8.
Qxc3 c4 9. g3 Be6 10. Nh3 Nbd7 11. Nf4 Qb6 12. Bg2 O-O 13. O-O h6 14. Bxf6 Nxf6
15. e3 Rad8 16. b3 Qxb3 17. Qxb3 cxb3 18. Rfb1 g5 19. Nxe6 fxe6 20. Rxb3 Rd7
21. Rc1 Kf7 22. Kf1 Ke7 23. Ke2 Ne8 24. Rc8 Nd6 25. Rxf8 Kxf8 26. Rc3 Ke7 27.
Kd3 Nb5 28. Rb3 Nd6 29. Rc3 Nb5 30. Rb3 Nd6 1/2-1/2

[Event "Las Vegas Masters"]
[Site "Las Vegas"]
[Date "2006.06.10"]
[Round "1"]
[White "Golod, Vitali"]
[Black "Hess, Robert L"]
[Result "1/2-1/2"]
[WhiteElo "2571"]
[BlackElo "2354"]
[PlyCount "63"]
[EventDate "2006.06.10"]
[EventType "swiss"]
[EventRounds "9"]
[EventCountry "USA"]
[Source "ChessBase"]
[SourceDate "2006.07.14"]
[WhiteTeamCountry "CRO"]
[BlackTeamCountry "ENG"]

1. d4 Nf6 2. c4 e6 3. Nc3 Bb4 4. Qc2 d5 5. cxd5 exd5 6. Bg5 c5 7. dxc5 h6 8.
Bxf6 Qxf6 9. e3 O-O 10. Nge2 Na6 11. a3 Bf5 12. Qd2 Nxc5 13. axb4 Nd3+ 14. Kd1
Nxf2+ 15. Ke1 Nxh1 16. g3 Rfe8 17. Bg2 Bh3 18. Bxh3 Qf2+ 19. Kd1 Qxh2 20. Bd7
Red8 21. Qxd5 Nxg3 22. Nxg3 Qxg3 23. Kc2 Rac8 24. Rd1 Rc7 25. Qe4 b5 26. Kb3
Rc4 27. Be6 Rxc3+ 28. bxc3 Rxd1 29. Qa8+ Kh7 30. Bxf7 Rb1+ 31. Ka3 Ra1+ 32. Kb3
1/2-1/2

[Event "Amber-rapid 7th"]
[Site "Monte Carlo"]
[Date "1998.03.17"]
[Round "5"]
[White "Karpov, Anatoly"]
[Black "Ljubojevic, Ljubomir"]
[Result "1-0"]
[WhiteElo "2735"]
[BlackElo "2565"]
[PlyCount "101"]
[EventDate "1998.03.13"]
[EventType "tourn (rapid)"]
[EventRounds "11"]
[EventCountry "MNC"]
[EventCategory "18"]
[Source "ChessBase"]
[SourceDate "1998.04.29"]
[WhiteTeamCountry "CRO"]
[BlackTeamCountry "ENG"]

1. d4 Nf6 2. c4 e6 3. Nc3 Bb4 4. Qc2 d5 5. cxd5 exd5 6. Bg5 h6 7. Bxf6 Qxf6 8.
e3 O-O 9. a3 Bxc3+ 10. Qxc3 c6 11. Nf3 Bf5 12. Be2 Nd7 13. b4 Be4 14. O-O Rfe8
15. Rfc1 a6 16. a4 Rac8 17. b5 axb5 18. axb5 c5 19. dxc5 Qxc3 20. Rxc3 Rxc5 21.
Rxc5 Nxc5 22. Nd4 Ne6 23. f3 Nxd4 24. exd4 Bc2 25. Kf2 Bb3 26. Ra7 Re7 27. Ra3
Bc2 28. Ke1 g5 29. Kd2 Bf5 30. g4 Be6 31. Ra8+ Kg7 32. Bd3 Rc7 33. Rb8 Kf6 34.
b6 Re7 35. Kc3 h5 36. h3 h4 37. Kb4 Kg7 38. Kc5 f5 39. gxf5 Bf7 40. Bb5 Kf6 41.
Kd6 Re3 42. Rxb7 Rb3 43. Bc6 Rb4 44. Rb8 Bh5 45. Bxd5 Rxd4 46. b7 Bf7 47. Rf8
Rxd5+ 48. Kc6 Rd1 49. b8=Q Rc1+ 50. Kd6 Rd1+ 51. Kc5 1-0

[Event "RUS-ch51"]
[Site "St Petersburg"]
[Date "1998.08.07"]
[Round "11"]
[White "Ivanov, Sergey"]
[Black "Yemelin, Vasily"]
[Result "1/2-1/2"]
[WhiteElo "2550"]
[BlackElo "2510"]
[PlyCount "110"]
[EventDate "1998.07.28"]
[EventType "swiss"]
[EventRounds "11"]
[EventCountry "RUS"]
[Source "ChessBase"]
[SourceDate "1998.11.30"]
[WhiteTeamCountry "CRO"]
[BlackTeamCountry "ENG"]

1. d4 Nf6 2. c4 e6 3. Nc3 Bb4 4. Qc2 d5 5. cxd5 exd5 6. Bg5 h6 7. Bxf6 Qxf6 8.
a3 Bxc3+ 9. Qxc3 O-O 10. e3 Bf5 11. Ne2 Nd7 12. Ng3 c5 13. Nxf5 Qxf5 14. Bd3
Qf6 15. O-O Rfc8 16. Rac1 c4 17. Bb1 b5 18. f3 a5 19. e4 b4 20. axb4 axb4 21.
Qe3 Qb6 22. e5 Nf8 23. f4 c3 24. bxc3 bxc3 25. f5 Rc4 26. Rxc3 Qxd4 27. Qxd4
Rxd4 28. Re1 Rd2 29. Rd3 Rxd3 30. Bxd3 Re8 31. Kf2 g6 32. g4 Re7 33. Bb5 h5 34.
h3 Nh7 35. Bc6 d4 36. Bd5 Rd7 37. Bc4 Rc7 38. Bd3 hxg4 39. hxg4 Rc3 40. Rd1 Ng5
41. fxg6 fxg6 42. Bxg6 Rf3+ 43. Kg2 Re3 44. Rxd4 Rxe5 45. Kg3 Kg7 46. Bf5 Re1
47. Rd7+ Kf6 48. Rd6+ Ke5 49. Rg6 Rg1+ 50. Kf2 Nh3+ 51. Kf3 Rf1+ 52. Kg3 Rxf5
53. Kxh3 Rf6 54. Rg8 Rh6+ 55. Kg3 Kf6 1/2-1/2

[Event "Heart of Finland op 04th"]
[Site "Jyvaskyla"]
[Date "1994.??.??"]
[Round "?"]
[White "Sherbakov, Ruslan"]
[Black "Lyrberg, Patrik"]
[Result "1-0"]
[WhiteElo "2510"]
[BlackElo "2405"]
[PlyCount "97"]
[EventDate "1994.07.??"]
[EventType "swiss"]
[EventRounds "9"]
[EventCountry "FIN"]
[Source "ChessBase"]
[SourceDate "1996.11.15"]
[WhiteTeamCountry "CRO"]
[BlackTeamCountry "ENG"]

1. d4 Nf6 2. c4 e6 3. Nc3 Bb4 4. Qc2 d5 5. cxd5 exd5 6. Bg5 h6 7. Bh4 g5 8. Bg3
c5 9. dxc5 Nc6 10. e3 Ne4 11. Nf3 Qa5 12. Nd2 Nxc3 13. bxc3 Bxc3 14. Rb1 Qxc5
15. Rb5 Qa3 16. Rb3 Bxd2+ 17. Qxd2 Qa5 18. Qxa5 Nxa5 19. Rb5 Nc6 20. h4 g4 21.
Bd6 a6 22. Rxd5 Be6 23. Rd2 O-O-O 24. Be2 h5 25. O-O Rd7 26. Rc1 Bxa2 27. Bxa6
bxa6 28. Rxc6+ Kb7 29. Rc5 Bb3 30. Rd4 Ba4 31. Rxa4 Rxd6 32. Rb4+ Rb6 33. Rbc4
Rb5 34. Rc7+ Kb6 35. Rxf7 a5 36. Rf6+ Kb7 37. Rf7+ Kb6 38. Rf6+ Kb7 39. Rg6 Rc8
40. Rg7+ Kb8 41. Ra4 Rc7 42. Rg8+ Kb7 43. Kh2 Rf5 44. Rg5 Rxg5 45. hxg5 Rc5 46.
g6 Kb6 47. Rf4 g3+ 48. fxg3 Rg5 49. g4 1-0

[Event "FRA-chT Top 16 GpA"]
[Site "Mulhouse"]
[Date "2005.02.04"]
[Round "1"]
[White "Lautier, Joel"]
[Black "Chuchelov, Vladimir"]
[Result "1-0"]
[WhiteElo "2678"]
[BlackElo "2571"]
[PlyCount "55"]
[EventDate "2005.02.04"]
[EventType "team"]
[EventRounds "7"]
[EventCountry "FRA"]
[Source "ChessBase"]
[SourceDate "2005.06.06"]
[WhiteTeamCountry "CRO"]
[BlackTeamCountry "ENG"]

1. d4 Nf6 2. c4 e6 3. Nc3 Bb4 4. Qc2 d5 5. cxd5 exd5 6. Bg5 h6 7. Bh4 c5 8.
dxc5 g5 9. Bg3 Ne4 10. e3 Qa5 11. Nge2 Bf5 12. Be5 O-O 13. Nd4 Nxc3 14. Qxf5
Ne4+ 15. Ke2 Bxc5 16. Nb3 Qa6+ 17. Kd1 Qa4 18. f3 Nc6 19. fxe4 Rfe8 20. Bc3
Bxe3 21. exd5 Nd4 22. Qf6 Re4 23. Bd3 Rf4 24. Qxh6 Rh4 25. Qf6 Rc8 26. Rf1 Qd7
27. Nxd4 Rxd4 28. Bxd4 1-0

[Event "Balkaniad"]
[Site "Mangalia"]
[Date "1992.??.??"]
[Round "3"]
[White "Atalik, Suat"]
[Black "Kotronias, Vasilios"]
[Result "1-0"]
[WhiteElo "2455"]
[BlackElo "2560"]
[PlyCount "57"]
[EventDate "1992.10.??"]
[EventType "team"]
[EventRounds "3"]
[EventCountry "ROM"]
[Source "ChessBase"]
[SourceDate "1996.11.15"]
[WhiteTeamCountry "GER"]
[BlackTeamCountry "GER"]

1. d4 Nf6 2. c4 e6 3. Nc3 Bb4 4. Qc2 d5 5. a3 Bxc3+ 6. Qxc3 Ne4 7. Qc2 e5 8. e3
exd4 9. cxd5 Qxd5 10. Nf3 Nd6 11. Nxd4 Bd7 12. f3 Nc6 13. Nxc6 Bxc6 14. Be2 f5
15. a4 O-O-O 16. b4 Qe6 17. Ra3 Kb8 18. Rc3 Bd5 19. b5 g5 20. O-O g4 21. e4
gxf3 22. exd5 Qxe2 23. Rfxf3 Qxc2 24. Rxc2 Rhe8 25. Bf4 Re4 26. Bxd6 cxd6 27.
Rxf5 Rxa4 28. Kf2 Rd7 29. Rf8+ 1-0

[Event "EU-Cup 20th"]
[Site "Izmir"]
[Date "2004.10.07"]
[Round "5.1"]
[White "Kasparov, Garry"]
[Black "Adams, Michael"]
[Result "1/2-1/2"]
[WhiteElo "2813"]
[BlackElo "2740"]
[PlyCount "59"]
[EventDate "2004.10.03"]
[EventType "team"]
[EventRounds "7"]
[EventCountry "TUR"]
[Source "ChessBase"]
[SourceDate "2005.01.27"]
[WhiteTeam "Ekaterinburg Max Ven"]
[BlackTeam "Paris NAO"]
[WhiteTeamCountry "RUS"]
[BlackTeamCountry "FRA"]

1. d4 Nf6 2. c4 e6 3. Nc3 Bb4 4. Qc2 d5 5. a3 Bxc3+ 6. Qxc3 Ne4 7. Qc2 Nc6 8.
e3 e5 9. cxd5 Qxd5 10. Bc4 Qa5+ 11. b4 Nxb4 12. Qxe4 Nc2+ 13. Ke2 Qe1+ 14. Kf3
Nxa1 15. Bb2 O-O 16. Kg3 h6 17. h4 Re8 18. Kh2 Qxf2 19. Bxa1 Bf5 20. Qxb7 exd4
21. Nf3 Be4 22. Qxc7 Bxf3 23. Qxf7+ Kh8 24. Qxf3 Qxh4+ 25. Kg1 Qe1+ 26. Bf1
Qxa1 27. Rxh6+ gxh6 28. Qf6+ Kg8 29. Qg6+ Kf8 30. Qf6+ 1/2-1/2

[Event "Chigorin mem-A 14th"]
[Site "St Petersburg"]
[Date "2006.10.29"]
[Round "8"]
[White "Bocharov, Dmitry"]
[Black "Maiorov, Nikita"]
[Result "1-0"]
[WhiteElo "2577"]
[BlackElo "2481"]
[PlyCount "83"]
[EventDate "2006.10.23"]
[EventType "swiss"]
[EventRounds "9"]
[EventCountry "RUS"]
[Source "ChessBase"]
[SourceDate "2006.11.23"]
[WhiteTeamCountry "RUS"]
[BlackTeamCountry "FRA"]

1. d4 Nf6 2. c4 e6 3. Nc3 Bb4 4. Qc2 d5 5. a3 Bxc3+ 6. Qxc3 Ne4 7. Qc2 Nc6 8.
e3 e5 9. f3 Nf6 10. dxe5 Nxe5 11. cxd5 Qxd5 12. e4 Qa5+ 13. Bd2 Qb6 14. Qc3 Qe6
15. Ne2 O-O 16. Rc1 Rd8 17. Nd4 Qe7 18. Be3 Bd7 19. Be2 Rac8 20. Qc5 Qxc5 21.
Rxc5 Ng6 22. b4 Ne8 23. Kf2 Nd6 24. Rhc1 c6 25. R5c2 Ne5 26. Nb3 b6 27. Bf4 f6
28. Nd4 Ndf7 29. Ba6 Rb8 30. Bc4 c5 31. bxc5 bxc5 32. Bxe5 fxe5 33. Ne6 Bxe6
34. Bxe6 Kf8 35. Bxf7 Kxf7 36. Rxc5 Rd2+ 37. Kg3 Rbb2 38. Rg1 Rd6 39. h4 Ra6
40. Rc7+ Kg8 41. h5 Rxa3 42. Rd1 1-0

[Event "Tel Aviv"]
[Site "Tel Aviv"]
[Date "2002.08.16"]
[Round "8"]
[White "Kaganskiy, Gleb"]
[Black "Mikhalevski, Alexander"]
[Result "1/2-1/2"]
[WhiteElo "2332"]
[BlackElo "2429"]
[PlyCount "49"]
[EventDate "2002.08.11"]
[EventType "tourn"]
[EventRounds "11"]
[EventCountry "ISR"]
[EventCategory "8"]
[Source "ChessBase"]
[SourceDate "2002.09.10"]
[WhiteTeamCountry "RUS"]
[BlackTeamCountry "FRA"]

1. d4 Nf6 2. c4 e6 3. Nc3 Bb4 4. Qc2 d5 5. a3 Bxc3+ 6. Qxc3 Ne4 7. Qc2 c5 8.
dxc5 Nc6 9. e3 Qa5+ 10. Bd2 Nxd2 11. Qxd2 dxc4 12. Qxa5 Nxa5 13. Rc1 b5 14.
cxb6 Bb7 15. Nf3 Ke7 16. bxa7 Bxf3 17. gxf3 Rxa7 18. Rg1 Rb8 19. Rc2 Rab7 20.
Rg5 Rxb2 21. Rxb2 Rxb2 22. Rxa5 Rb1+ 23. Ke2 Rb2+ 24. Ke1 Rb1+ 25. Ke2 1/2-1/2

[Event "Budapest FS09 GM"]
[Site "Budapest"]
[Date "2004.09.04"]
[Round "1"]
[White "Erdos, Viktor"]
[Black "Dearing, Eddie"]
[Result "1/2-1/2"]
[WhiteElo "2454"]
[BlackElo "2392"]
[PlyCount "82"]
[EventDate "2004.09.04"]
[EventType "tourn"]
[EventRounds "13"]
[EventCountry "HUN"]
[EventCategory "8"]
[Source "ChessBase"]
[SourceDate "2004.11.03"]
[WhiteTeamCountry "ESP"]
[BlackTeamCountry "FRA"]

1. d4 Nf6 2. c4 e6 3. Nc3 Bb4 4. Qc2 c5 5. dxc5 O-O 6. a3 Bxc5 7. Nf3 b6 8. Bf4
Bb7 9. Rd1 Nc6 10. e3 Nh5 11. Bg3 f5 12. Be2 Rc8 13. Nb5 f4 14. exf4 Nxf4 15.
O-O a5 16. Nd6 Rb8 17. Ne4 e5 18. Neg5 g6 19. Bxf4 Rxf4 20. Ne6 dxe6 21. Rxd8+
Rxd8 22. b4 axb4 23. axb4 Nxb4 24. Qc3 Bxf3 25. gxf3 Nc6 26. Bd1 Rdd4 27. Qa1
Rf8 28. Bc2 Na5 29. Be4 Nb3 30. Qa4 Nd2 31. Rd1 Nxe4 32. fxe4 Rxd1+ 33. Qxd1
Rxf2 34. Kh1 Rf7 35. Qd8+ Kg7 36. Qc8 Re7 37. Kg2 Bd4 38. h3 Bc5 39. Kg3 h5 40.
Kg2 Bd4 41. Kg3 Bc5 1/2-1/2

[Event "Las Vegas National op"]
[Site "Las Vegas"]
[Date "2006.06.18"]
[Round "6"]
[White "Ippolito, Dean"]
[Black "Perelshteyn, Eugene"]
[Result "1/2-1/2"]
[WhiteElo "2413"]
[BlackElo "2526"]
[PlyCount "97"]
[EventDate "2006.06.16"]
[EventType "swiss"]
[EventRounds "6"]
[EventCountry "USA"]
[Source "ChessBase"]
[SourceDate "2006.07.14"]
[WhiteTeamCountry "FRA"]
[BlackTeamCountry "POL"]

1. d4 Nf6 2. c4 e6 3. Nc3 Bb4 4. Qc2 c5 5. dxc5 Bxc5 6. Nf3 Qb6 7. e3 Qc7 8. g4
h6 9. Rg1 b6 10. b3 Bb7 11. Be2 a6 12. Bb2 Nc6 13. O-O-O O-O-O 14. a3 Be7 15.
Kb1 Kb8 16. h4 d6 17. g5 hxg5 18. hxg5 Nd7 19. Ne4 Nde5 20. Nxe5 dxe5 21. c5
Rd5 22. Rxd5 exd5 23. Nc3 Rd8 24. cxb6 Qxb6 25. Na4 Qa7 26. Rc1 Ba8 27. b4 Bd6
28. Nc5 Bxc5 29. Qxc5 f6 30. gxf6 gxf6 31. Bxa6 Qxa6 32. b5 Qa7 33. bxc6 Qxc5
34. Rxc5 Kc7 35. f4 d4 36. exd4 exd4 37. Rc4 Bxc6 38. Bxd4 f5 39. Kb2 Rb8+ 40.
Kc3 Ra8 41. Bc5 Bd5 42. Rd4 Kc6 43. Bb4 Re8 44. Kd2 Re6 45. a4 Bb3 46. Ba3 Bd5
47. a5 Be4 48. a6 Kb5 49. Rd6 1/2-1/2